| 000 | 02032 a2200229 4500 | ||
|---|---|---|---|
| 003 | OSt | ||
| 005 | 20180116182908.0 | ||
| 008 | 170809b xxu||||| |||| 00| 0 eng d | ||
| 020 | _a9698784624 (hardcover) | ||
| 020 | _a9789698784621 (hardcover) | ||
| 040 | _c0 | ||
| 082 | _a338.9072954 SDP 2008 | ||
| 100 | _aSDPI Sama Educational & Publishing Services | ||
| 110 | _aSDPI Sama Educational & Publishing Services | ||
| 245 | 0 | 0 |
_aSustainable Solutions : _bA Spotlight on South Asian Research. _cSDPI Sama Educational & Publishing Services |
| 260 |
_a[S.l.] : _bSama Editorial and Publishing Services, _c2008. |
||
| 300 |
_a257 p. ; _c25 cm. _bHB |
||
| 440 | _aSustainable Solutions : | ||
| 520 | _aWhether research can play a role in offering solutions to the challenges being faced by sustainable development is a much-debated question. Policy researchers at the Tenth Sustainable Development Conference, "Sustainable Solutions: A Spotlight on South Asian Research", deliberated not only the predicament of formulating the right research questions, but also took the opportunity to discuss the political economy of research itself i.e.,: is it supply or demand driven; what is meant by sustainable development and who are its stakeholders; and, why are researchers not able to diagnose the problems correctly, or why after having diagnosed them, they cannot suggest the right solutions. This anthology contains some of the papers presented at the Conference. Research on real life problems ranging from misconceived historical perspectives in South Asia, threatened livelihoods, policy-led disaster management, challenges and opportunities offered by trade liberalisation and globalisation, and the neglected role of women in coping with the challenges of non-sustainable development, are presented to give the reader an idea of the complexity and interdependency of these issues. | ||
| 856 | 4 | 0 |
_3Amazon.com _uhttp://www.amazon.com/exec/obidos/ASIN/9698784624/chopaconline-20 |
| 942 |
_aNBS _cBK _k338.9072954 SDP 2008 _2ddc |
||
| 999 |
_c348062 _d348062 |
||